Cómo dirigir a los jóvenes / (Record no. 30103)

MARC details
000 -LEADER
campo de control de longitud fija 00584nam a2200181 i 4500
001 - NÚMERO DE CONTROL
campo de control 30103
003 - IDENTIFICADOR DE NÚMERO DE CONTROL
campo de control ES-MaACL
005 - FECHA Y HORA DE LA ÚLTIMA TRANSACCIÓN
campo de control 20250822012739.0
007 - CAMPO FIJO DE DESCRIPCIÓN FÍSICA--INFORMACIÓN GENERAL
campo de control de longitud fija t|
008 - DATOS DE LONGITUD FIJA--INFORMACIÓN GENERAL
campo de control de longitud fija 030123s1961 sp ||||1| spa d
100 1# - ENTRADA PRINCIPAL--NOMBRE DE PERSONA
Nombre de persona Barra, Giovanni.
9 (RLIN) 25806
245 10 - MENCIÓN DEL TÍTULO
Título Cómo dirigir a los jóvenes /
Mención de responsabilidad, etc. Giovanni Barra ; traducción del italiano por el profesor Antonio Alvárez de Linera.
260 ## - PUBLICACIÓN, DISTRIBUCIÓN, ETC.
Lugar de publicación, distribución, etc. Madrid :
Nombre del editor, distribuidor, etc. Studium,
Fecha de publicación, distribución, etc. [1961]
300 ## - DESCRIPCIÓN FÍSICA
Extensión 203 p. ;
Dimensiones 19 cm.
700 1# - ENTRADA AGREGADA--NOMBRE PERSONAL
Nombre de persona Álvarez de Linera, Antonio,
Fechas asociadas al nombre 1888-1961
9 (RLIN) 149717
852 ## - LOCALIZACIÓN
Ubicación ES-MaACL
Número de control de estantería F-14090
Sublocalización o colección R.47979
Holdings
Estatus retirado Estado de pérdida Estado de daño No para préstamo Biblioteca de origen Biblioteca actual Ubicación en estantería Fecha de adquisición Fuente de adquisición Total de préstamos Signatura topográfica completa Código de barras Visto por última vez Precio de reemplazo Tipo de ítem Koha
        Biblioteca del Ateneo de Madrid Biblioteca del Ateneo de Madrid Sala Pecera Planta 2 17/01/2008     F-14090 1031078 23/02/2023 23/02/2023 Libro impreso